Les clubs victimes de Robert Lewandowski en Ligue des Champions - Statistiques

Statistiques générales
  • Ce quiz a été pris 647 fois
    19 depuis la dernière actualisation
  • Le résultat moyen est 27 sur 41
Statistiques - réponses
Pays Club % Correct
France Paris Saint-Germain 1
100%
Espagne FC Barcelone 4
93%
Italie Juventus 1
93%
France Olympique de Marseille 3
93%
France Olympique Lyonnais 1
93%
Espagne Real Madrid 6
93%
Angleterre Arsenal 4
87%
Allemagne Borussia Dortmund 2
87%
Italie Inter Milan 2
87%
Angleterre Manchester City 1
87%
Pays-Bas Ajax Amsterdam 5
80%
Portugal Benfica 9
80%
Portugal FC Porto 2
80%
Italie Naples 2
80%
Pays-Bas PSV Eindhoven 3
80%
Espagne Atletico Madrid 2
73%
Ukraine Chakhtar Donetsk 2
73%
Ukraine Dynamo Kiev 3
73%
Grèce Olympiakos 5
73%
Italie AS Rome 1
67%
Angleterre Chelsea 3
67%
Angleterre Tottenham 2
67%
Allemagne Bayern Munich 1
60%
Turquie Besiktas 2
60%
Croatie Dinamo Zagreb 5
60%
Autriche RB Salzbourg 6
60%
Espagne Villarreal 1
60%
Russie Zenit Saint-Pétersbourg 2
60%
Grèce AEK Athènes 3
53%
Italie Lazio 2
53%
France Stade Brestois 2
53%
Suisse Young Boys Berne 2
53%
Danemark FC Copenhague 1
47%
Angleterre Newcastle 2
47%
Tchéquie Slavia Prague 1
47%
Serbie Etoile Rouge de Belgrade 7
40%
Espagne Malaga 1
40%
Belgique RSC Anderlecht 2
40%
Belgique Royal Antwerp 1
7%
Tchéquie Victoria Plzen 3
7%
Russie FK Rostov 1
0%
Aucun quiz correspondant
Distribution des résultats
% des personnes avec chaque résultat
Percentile par nombre de réponses
Votre historique - résultats
Vous n’avez pas pris ce quiz depuis la dernière actualisation